Contratos internacionales sobre propiedad industrial

Saved in:
Bibliographic Details
Main Author: Miguel Asensio, Pedro A. de (autor)
Format: Book
Language:Spanish
Published: Madrid Civitas 2000
Edition:2a. ed
Series:Colección Estudios de Derecho Mercantil
Subjects:
Tags: Add Tag
No Tags, Be the first to tag this record!

MARC

LEADER 00000nam a2200000 a 4500
001 UCM8418
003 CL-VaPUC
008 030314e20000000SP |||||||||||||||||spa|d
020 |a 8447013650 
082 0 4 |a 341.758  |b MIG  |2 21 
100 |a Miguel Asensio, Pedro A. de  |e autor  |9 474464 
245 1 0 |a Contratos internacionales sobre propiedad industrial 
250 |a 2a. ed 
300 |a 424 p 
942 |c BK 
945 |d 20030314 00:00:00  |a rbrito 
260 |a Madrid  |b Civitas  |c 2000 
650 0 |a Derecho internacional  |9 255637 
650 0 |a Contratos internacionales  |9 354502 
650 0 |a Propiedad industrial  |9 255086 
650 0 |a Derechos de propiedad  |9 413251 
583 |a last modification  |c 20030314 00:00:00  |k Rodrigo Vera 
490 0 |a Colección Estudios de Derecho Mercantil 
999 |c 302933  |d 302931 
952 |0 0  |1 0  |4 0  |6 341_758000000000000_MIG_2000  |7 0  |8 A  |9 363780  |a BIBDER  |b BIBDER  |d 2019-11-21  |i 3876861  |l 2  |m 4  |o 341.758 MIG 2000  |p 3876861  |q 2025-12-31  |r 2020-03-20  |s 2020-03-20  |w 2019-11-21  |y BK  |k DER 
952 |0 0  |1 0  |4 0  |6 341_758000000000000_MIG_2000  |7 0  |8 A  |9 363781  |a BIBDER  |b BIBDER  |d 2019-11-21  |i 4046161  |o 341.758 MIG 2000  |p 4046161  |r 2023-01-25  |w 2019-11-21  |y BK  |k DER